LEADER 01941nlm0 22005771i 450 001 990009248970403321 010 $a9783540486275 035 $a000924897 035 $aFED01000924897 035 $a(Aleph)000924897FED01 035 $a000924897 100 $a20100926d2006----km-y0itay50------ba 101 0 $aeng 102 $aDE 135 $adrnn-008mamaa 200 1 $aAdvances in Visual Computing$bRisorsa elettronica$eSecond International Symposium, ISVC 2006 Lake Tahoe, NV, USA, November 6-8, 2006. Proceedings, Part II$fedited by George Bebis, Richard Boyle, Bahram Parvin, Darko Koracin, Paolo Remagnin 210 $aBerlin ; Heidelberg$cSpringer$d2006 225 1 $aLecture Notes in Computer Science$x0302-9743$v4292 230 $aDocumento elettronico 336 $aTesto 337 $aFormato html, pdf 702 1$aBebis,$bGeorge 702 1$aBoyle,$bRichard 702 1$aKoracin,$bDarko 702 1$aMalzbender,$bTom 702 1$aMeenakshisundaram,$bGopi 702 1$aMolineros,$bJose 702 1$aNefian,$bAra 702 1$aParvin,$bBahram 702 1$aPascucci,$bValerio 702 1$aRemagnino,$bPaolo 702 1$aTheisel,$bHolger 702 1$aZara,$bJiri 801 0$aIT$bUNINA$gREICAT$2UNIMARC 856 4 $zFull text per gli utenti Federico II$uhttp://dx.doi.org/10.1007/11919629 901 $aEB 912 $a990009248970403321 961 $aAlgorithm Analysis and Problem Complexity 961 $aArtificial intelligence 961 $aArtificial Intelligence (incl. Robotics) 961 $aComputer graphics 961 $aComputer Graphics 961 $aComputer science 961 $aComputer Science 961 $aComputer software 961 $aComputer vision 961 $aImage Processing and Computer Vision 961 $aOptical pattern recognition 961 $aPattern Recognition 996 $aAdvances in Visual Computing$9772261 997 $aUNINA LEADER 04098 am 2200913 n 450 001 9910495912103321 005 20201002 010 $a979-1-03-510482-5 024 7 $a10.4000/books.psorbonne.60147 035 $a(CKB)5590000000434303 035 $a(FrMaCLE)OB-psorbonne-60147 035 $a(oapen)https://directory.doabooks.org/handle/20.500.12854/85764 035 $a(PPN)267970749 035 $a(EXLCZ)995590000000434303 100 $a20210203j|||||||| ||| 0 101 0 $afre 135 $auu||||||m|||| 181 $ctxt$2rdacontent 182 $cc$2rdamedia 183 $acr$2rdacarrier 200 10$aDes communistes en France $e(années 1920-années 1960) /$fJacques Girault 210 $aParis $cÉditions de la Sorbonne$d2020 215 $a1 online resource (530 p.) 225 1 $aHistoire de la France aux XIXe et XXe siècles 311 $a2-85944-446-7 330 $aLa problématique générale de l?implantation sert de point de départ et permet une réflexion sur le phénomène communiste. Pour comprendre la nature des mutations qui traversent le communisme français, un des modèles possibles parmi les communismes mondiaux, il faut établir des liens forts entre le milieu, les idéologies, les phénomènes culturels, les systèmes politiques, les individus, les impulsions nationales et internationales. Autant de composantes qu?il faut analyser dans leur globalité en dégageant les rapports entre les groupes sociaux dans des cadres précis, les projets politiques, les influences réciproques. Un ensemble de points forts apparaissent: les contraintes d?un héritage, les luttes plus englobantes, les effets des pratiques locales, le ter­ritoire social comme enjeu politique, les questions nouvelles posées par l?inscription nationale dans un cadre fortement internationalisé, le rôle de l?en­treprise, le groupe enseignant. Les valeurs communistes occupent une position variable et laissent la place pour d?autres orientations car le communisme ne fonctionne jamais en vase clos. 606 $aHistory 606 $acommunisme 606 $aParti communiste français 606 $amouvement ouvrier 606 $aphénomène culturel 606 $aprojet politique 606 $arelation internationale 610 $acommunisme 610 $aParti communiste français 610 $amouvement ouvrier 610 $aphénomène culturel 610 $aprojet politique 610 $arelation internationale 615 4$aHistory 615 4$acommunisme 615 4$aParti communiste français 615 4$amouvement ouvrier 615 4$aphénomène culturel 615 4$aprojet politique 615 4$arelation internationale 700 $aBellanger$b Emmanuel$01292691 701 $aBelouet$b Éric$01283659 701 $aButon$b Philippe$01283660 701 $aCarrè-Prèzeau$b Jocelyne$01321019 701 $aChouat-Hugonnet$b Nicole$01321020 701 $aDestom$b Catherine$01321021 701 $aDupuy$b Catherine$01321022 701 $aFraboulet$b Danièle$01235970 701 $aGatignon$b Stéphane$01321023 701 $aGirault$b Jacques$01290935 701 $aGroppo$b Bruno$0525512 701 $aGuillot$b Pascal$01321024 701 $aHirsch$b Robert$01306190 701 $aKssis$b Nicolas$01296792 701 $aLalouette$b Jacqueline$01286147 701 $aLe Bars$b Loïc$01321025 701 $aMencherini$b Robert$01239421 701 $aPennetier$b Claude$01303796 701 $aPerron$b Tangui$01321026 701 $aPigenet$b Michel$0251208 701 $aSaule$b Sandrine$01321027 701 $aScot$b Jean-Paul$01321028 701 $aSkoutelsky$b Rémi$01295816 701 $aSowerwine$b Charles$01321029 701 $aTsikounas$b Myriam$01286950 701 $aVallat$b Colette$0131047 701 $aZaidman$b Sylvie$01306194 701 $aGirault$b Jacques$01290935 801 0$bFR-FrMaCLE 906 $aBOOK 912 $a9910495912103321 996 $aDes communistes en France$93034496 997 $aUNINA LEADER 02607nam0 22005413i 450 001 VAN00282211 005 20241128083159.611 017 70$2N$a9783030876685 100 $a20241028d2021 |0itac50 ba 101 $aeng 102 $aCH 105 $a|||| ||||| 200 1 $a6th International Conference on Adhesive Bonding 2021$eSelected Contributions of AB 2021$fLucas F. M. da Silva, Robert D. Adams editors 210 $aCham$cSpringer$d2021 215 $aviii, 169 p.$cill.$d24 cm 410 1$1001VAN00282212$12001 $aProceedings in Engineering Mechanics$eResearch, Technology and Education$1210 $aCham$cSpringer$d2021- 606 $a70-XX$xMechanics of particles and systems [MSC 2020]$3VANC021390$2MF 606 $a74-XX$xMechanics of deformable solids [MSC 2020]$3VANC022466$2MF 610 $aAdhesive bonded hybrid wood-metal joints$9KW:K 610 $aAdhesive materials$9KW:K 610 $aBonded joints$9KW:K 610 $aCements composites$9KW:K 610 $aConference Proceedings$9KW:K 610 $aFatigue life estimation$9KW:K 610 $aGranite powder$9KW:K 610 $aScience and technology of surfaces$9KW:K 610 $aStress-based multiaxial fatigue analysis$9KW:K 610 $aStructural bonding$9KW:K 610 $aSurface cleaning$9KW:K 610 $aThermoplastic polyurethane$9KW:K 620 $aCH$dCham$3VANL001889 702 1$aAdams$bRobert D.$3VANV235144 702 1$ada Silva$bLucas F. M.$3VANV095582 710 12$aInternational Conference on Atructural Adhesive Bonding$d6.$f2021$ePorto, Portugal$3VANV237013$01776160 712 $aSpringer $3VANV108073$4650 790 1$ada Silva, L. F. M.$zda Silva, Lucas F. M.$3VANV201308 790 1$ada Silva, L.F.M.$zda Silva, Lucas F. M.$3VANV201309 790 1$ada Silva, Lucas Filipe Martins$zda Silva, Lucas F. M.$3VANV208420 790 1$aSilva, Lucas F. M. : da$zda Silva, Lucas F. M.$3VANV208443 790 1$aSilva, Lucas Filipe Martins : da$zda Silva, Lucas F. M.$3VANV208444 801 $aIT$bSOL$c20241129$gRICA 856 4 $uhttp://doi.org/10.1007/978-3-030-87668-5$zE-book ? Accesso al full-text attraverso riconoscimento IP di Ateneo, proxy e/o Shibboleth 899 $aBIBLIOTECA DEL DIPARTIMENTO DI MATEMATICA E FISICA$1IT-CE0120$2VAN08 912 $fN 912 $aVAN00282211 950 $aBIBLIOTECA DEL DIPARTIMENTO DI MATEMATICA E FISICA$d08DLOAD e-Book 9496 $e08eMF9496 20241113 996 $a6th International Conference on Adhesive Bonding 2021$94292045 997 $aUNICAMPANIA